000 01024nam a22003017a 4500
003 CHAP
005 20220329135208.0
008 971013s1981 r 00010 d
010 _a32430
011 _a33402
035 _a37517
040 _cCHAP
082 0 4 _a301.35
_bM38
100 0 0 _aMata García, Bernardino.
_972863
245 1 _aNotas para un curso de sociología rural
_b: apuntes preliminares
260 _aChapingo, Méx. :
_bUACH. Departamento de Sociología Rural,
_c1981
300 _a398 p
590 _aBATCH-UPD
_b10
_c20130110
_lUCH01
_h1252
590 _aBATCH-UPD
_b10
_c20130410
_lUCH01
_h0814
590 _aBATCH-UPD
_b10
_c20130914
_lUCH01
_h1803
590 _aCONVERSION
_b10
_c20130109
_lUCH01
_h1318
650 1 4 _aSociología rural.
_9108215
650 1 4 _aSociología rural
_xEstudio y enseñanza.
_9108230
901 _aBK
942 _cLIBRO
949 _a301.35 M38
_bBC
_cLIBRO
_d-86024
_eLIBRO
_h57490
_i37517
_mD
_si
949 _a301.35 M38
_bBC
_cLIBRO
_d33724002009694
_eLIBRO
_fc.2
_h61359
_i37517
_mD
_si
999 _c32430
_d32430